|
|
|
|
| LEADER |
00000nab a2200000 a 4500 |
| 001 |
vtls000744243 |
| 003 |
SK-MaSNL |
| 005 |
20260304120931.0 |
| 008 |
250429c2000 xo 0 slo |
| 015 |
|
|
|a SNBRB2001/01-00864
|
| 035 |
|
|
|a CLN000096080
|
| 035 |
|
|
|a urn:nbn:sk:snk-abahd7
|
| 035 |
|
|
|a (urnnbn)urn:nbn:sk:snk:ar-008c36
|
| 035 |
|
|
|a (uuid)cb9330e5-dffc-4a86-ab0e-934ece1594ff
|
| 040 |
|
|
|a SNKBUCL
|b slo
|c SNKBUCL
|e AACR2
|
| 041 |
0 |
|
|a slo
|
| 044 |
|
|
|a xo
|c SK
|
| 080 |
|
|
|a 331.56(437.6)
|2 1997
|
| 100 |
1 |
|
|a Ochaba, Róbert,
|d 1974-
|4 aut
|9 183468
|
| 245 |
1 |
0 |
|a Nezamestnanosť
|c Róbert Ochaba
|
| 300 |
|
|
|b Fotogr.
|
| 650 |
0 |
7 |
|a nezamestnanosť
|z Slovensko
|2 snkbucl
|9 738076
|
| 655 |
|
7 |
|a články z novín a časopisov
|2 snkbucl
|9 267496
|
| 773 |
0 |
|
|t Literárny týždenník
|g Roč. 13, č. 40 (2000), s. 4
|x 0862-5999
|
| 850 |
|
|
|a Slovenská národná knižnica
|
| 852 |
|
|
|a Slovenská národná knižnica
|
| 954 |
|
|
|a odborná, vedecká literatúra pôvodná (slovenská)
|2 lita
|
| 958 |
|
|
|a article14
|
| 958 |
|
|
|a SK
|
| 958 |
|
|
|a OND
|
| 958 |
|
|
|a EUIPO
|
| 992 |
|
|
|a RBX
|
| 999 |
|
|
|c 2882349
|d 2884279
|